000 00391nam a2200145 4500
001 131837
003 ES-MaACL
007 t|
008 070214s1929 sp r ||||1| spa d
100 1 _aRodríguez Mendoza, E.
_998661
245 1 0 _aRemansos del tiempo /
_cE. Rodríguez Mendoza.
260 _aMadrid :
_bG. Hernández,
_c1929.
300 _a262 p. ;
_c19 cm.
852 _aES-MaACL
_jB-3354
999 _c131837
_d131837